000 00784cab a2200229 4500
001 WB3204-12
008 090401t1996 xxu||||| |||| 00| 0 eng d
035 _a(Sirsi) u8370
041 _aeng
245 _aDecember IPD index
260 _c1996
350 _a0
490 _aFinancial Times
_v26 January 1996, 8(1)
520 _aAccording to the Investment Property Databank, the all-property rate of return recorded 3.2% over 1995 compared to 15.3% in 1994. Only the retail sector produced positive rental value growth.
650 _aALL PROPERTY RETURN RATE
650 _aIPD MONTHLY INDEX
650 _aRATES OF RETURN
650 _aRETAIL RENTS
690 _aPROPERTY-COMMERCIAL PROPERTY-COMMERCIAL PROPERTY FINANCE AND INVESTMENT
942 _n0
948 _c04/03/1997
999 _c5147
_d5147